WDM optical networks : concepts, design, and algorithms /

Bibliographic Details
Main Author: Murthy, C. Siva Ram
Other Authors: Gurusamy, Mohan
Format: Book
Language:English
Published: Upper Saddle River, N.J. : Prentice Hall PTR, [2002]
Subjects:

MARC

Tag First Indicator Second Indicator Subfields
LEADER 00000cam a22000004a 4500
001 in00001658921
005 20151023120938.0
008 010803s2002 njua b 001 0 eng
010 |a  2001133055 
020 |a 0130606375 
035 |a (OCoLC)ocm47803742 
040 |a DLC  |c DLC  |d C#P  |d TXA  |d UtOrBLW 
042 |a pcc 
049 |a TXAM 
050 0 0 |a TK5103.592.W38  |b M87 2002 
082 0 0 |a 621.382/7  |2 21 
100 1 |a Murthy, C. Siva Ram. 
245 1 0 |a WDM optical networks :  |b concepts, design, and algorithms /  |c C. Siva Ram Murthy, Mohan Gurusamy. 
264 1 |a Upper Saddle River, N.J. :  |b Prentice Hall PTR,  |c [2002] 
264 4 |c ©2002 
300 |a xvi, 430 pages :  |b illustrations ;  |c 25 cm. 
336 |a text  |b txt  |2 rdacontent 
337 |a unmediated  |b n  |2 rdamedia 
338 |a volume  |b nc  |2 rdacarrier 
504 |a Includes bibliographical references (pages 381-399) and index. 
650 0 |a Wavelength division multiplexing. 
700 1 |a Gurusamy, Mohan. 
994 |a E0  |b TXA 
948 |a cataloged  |b h  |c 2002/2/5  |d c  |e ceaton  |f 7:31:34 am 
999 |a MARS 
999 f f |s 4e5314be-85fd-3bba-bd60-61841b4430e8  |i 00c6a99d-76eb-3177-8c61-1c7e3ba421dc  |t 0 
952 f f |p normal  |a Texas A&M University  |b College Station  |c Sterling C. Evans Library  |d Evans: Library Stacks  |t 0  |e TK5103.592.W38 M87 2002  |h Library of Congress classification  |i unmediated -- volume  |m A14828407922 
998 f f |a TK5103.592.W38 M87 2002  |t 0  |l Evans: Library Stacks